000 00381nam a2200133Ia 4500
008 151001s9999||||xx |||||||||||||| ||und||
100 _aमान चंद खंडेला
245 _aमहिला और बदलता सामाजिक परिवेश
250 _a1
260 _bअविष्कार
260 _c2008
300 _a210
365 _b21
999 _c999157
_d999154